header

Topics in classical analysis and applications in honor of Daniel Waterman (Record no. 29781)

MARC details
000 -LEADER
fixed length control field 01503nam a2200385Ia 4500
082 04 - DEWEY DECIMAL CLASSIFICATION NUMBER
Classification number 515
245 00 - TITLE STATEMENT
Title Topics in classical analysis and applications in honor of Daniel Waterman
260 ## - PUBLICATION, DISTRIBUTION, ETC. (IMPRINT)
Place of publication Hackensack, N.J. :
Name of publisher World Scientific,
Year of publication c2008.
300 ## - PHYSICAL DESCRIPTION
Number of Pages viii, 193 p. :
Other physical details ill., port.
650 #0 - SUBJECT ADDED ENTRY--TOPICAL TERM
Topical Term Mathematical analysis.
Topical Term Functional analysis.
Topical Term Fourier series.
Topical Term Orthogonal polynomials.
700 1# - ADDED ENTRY--PERSONAL NAME
Personal name De Carli, Laura,
Personal name Kazarian, Kazaros.
Personal name Milman, Mario.
Personal name Waterman, Daniel.
856 40 - ELECTRONIC LOCATION AND ACCESS
Uniform Resource Identifier http://site.ebrary.com/lib/rucke/Doc?id=10688064

No items available.

© 2026 Rongo University
Contact us: librarian | system librarian | Rongo university